| 000 | 00296nam a2200121 i 4500 | ||
|---|---|---|---|
| 001 | bg | ||
| 100 | 1 | _aWOLF, John P. | |
| 245 | 0 |
_aSoil-structure-interaction analysis in time domain / _cJohn P. Wolf. |
|
| 040 | _cBPK | ||
| 041 | _apol | ||
| 942 | _cKS | ||
| 008 | s pl f |000 0 pol | ||
| 999 |
_c28898 _d28898 |
||
| 856 |
_uhttp://koha.tu.koszalin.pl/cgi-bin/koha/opac-detail.pl?biblionumber=28898 _yKatalog online BPK |
||